01345nam a2200337Ia 4500001001200000003000800012006001900020007001500039008004100054010001700095020001800112020002600130040002100156035002100177050002700198082001800225245011100243260005600354300003700410490004800447504005100495533015200546650003200698650003200730650003300762655002900795700002300824710001700847856012600864999001700990ebr10659011CaPaEBRm u cr cn|||||||||100426s2010 nyua sb 001 0 eng d z 2010014107 z9781616689919 z9781617283345 (ebook) aCaPaEBRcCaPaEBR a(OCoLC)83231403514aRC78.7.C65bG33 2010eb04a616.07/5422200aGadoliniumh[electronic resource] :bcompounds, production, and applications /cCaden C. Thompson, editor. aHauppauge, N.Y. :bNova Science Publishers,cc2010. axii, 368 p. :bill. (some col.).0 aChemical engineering methods and technology aIncludes bibliographical references and index. aElectronic reproduction.bPalo Alto, Calif. :cebrary,d2013.nAvailable via World Wide Web.nAccess may be limited to ebrary affiliated libraries. 0aGadoliniumxDiagnostic use. 0aMagnetic resonance imaging. 0aRadiographic contrast media. 7aElectronic books.2local1 aThompson, Caden C.2 aebrary, Inc.40uhttp://site.ebrary.com/lib/rucke/Doc?id=10659011zAn electronic book accessible through the World Wide Web; click to view c64445d64445